00283nam a2200121Ia 4500008004100000041000800041082001700049100001800066245001500084260002600099300001900125999001700144241015s9999 xx 000 0 und d aeng a385.0973 WHI aRichard White aRailroaded bW W NortonaUSAc2012 a660;. P. 22 cm c41687d41687